Investing today for your financial future
This book is about "opportunity investments" the super-duper growth stock of wide-awake companies in industries with rich future promise. Very many such companies are tied in with technical knowldge, and by choosing such shares investors are in effect latching onto the coat-tails of scienc...
Spremljeno u:
| Glavni autor: | |
|---|---|
| Format: | Knjiga |
| Jezik: | Undetermined |
| Izdano: |
Boston
United Business Service Co.
1964
|
| Teme: | |
| Oznake: |
Dodaj oznaku
Bez oznaka, Budi prvi tko označuje ovaj zapis!
|
| Thư viện lưu trữ: | Trung tâm Học liệu Trường Đại học Cần Thơ |
|---|
| LEADER | 00816nam a2200193Ia 4500 | ||
|---|---|---|---|
| 001 | CTU_228638 | ||
| 008 | 210402s9999 xx 000 0 und d | ||
| 082 | |a 332.63 | ||
| 082 | |b M572 | ||
| 100 | |a Merritt, Robert D. | ||
| 245 | 0 | |a Investing today for your financial future | |
| 245 | 0 | |c Robert D. Merritt | |
| 260 | |a Boston | ||
| 260 | |b United Business Service Co. | ||
| 260 | |c 1964 | ||
| 520 | |a This book is about "opportunity investments" the super-duper growth stock of wide-awake companies in industries with rich future promise. Very many such companies are tied in with technical knowldge, and by choosing such shares investors are in effect latching onto the coat-tails of science. | ||
| 650 | |a Cổ phiếu,Stocks | ||
| 910 | |b dqhieu | ||
| 980 | |a Trung tâm Học liệu Trường Đại học Cần Thơ | ||